LEADER 01872nam0 2200421 i 450 001 VAN0100397 005 20220331103529.529 010 $a978-88-470-0600-3 017 70$2N$a978-88-470-0601-0 100 $a20141229d2008 |0itac50 ba 101 $aita 102 $aIT 105 $a|||| ||||| 200 1 $aCalcolo stocastico per la finanza$fAndrea Pascucci 210 $aMilano$cSpringer$d2008 215 $aXV, 517 p.$d24 cm 410 1$1001VAN0104561$12001 $aUnitext. La matematica per il 3+2$1210 $aMilano [etc.]$cSpringer 500 1$3VAN0243444$aCalcolo stocastico per la finanza$9716114 606 $a60Hxx$xStochastic analysis [MSC 2020]$3VANC019765$2MF 606 $a60G44$xMartingales with continuous parameter [MSC 2020]$3VANC020011$2MF 610 $aCalcolo stocastico$9KW:K 610 $aDerivate$9KW:K 610 $aEquazioni differenziali stocastiche$9KW:K 610 $aMarkov$9KW:K 610 $aQuantitative Finance$9KW:K 610 $aValutazioni di derivati$9KW:K 620 $dMilano$3VANL000284 700 1$aPascucci$bAndrea$3VANV078676$0475297 712 $aSpringer $3VANV108073$4650 801 $aIT$bSOL$c20240614$gRICA 856 4 $uhttps://doi.org/10.1007/978-88-470-0601-0$zE-book ? Accesso al full-text attraverso riconoscimento IP di Ateneo, proxy e/o Shibboleth 899 $aBIBLIOTECA DEL DIPARTIMENTO DI ECONOMIA$1IT-CE0106$2VAN03 899 $aBIBLIOTECA CENTRO DI SERVIZIO SBA$2VAN15 912 $aVAN0100397 950 $aBIBLIOTECA CENTRO DI SERVIZIO SBA$d15CONS SBA EBOOK 27 $e15EB 27 20150428 950 $aBIBLIOTECA DEL DIPARTIMENTO DI ECONOMIA$d03PREST VCa7 $e03BDE193 20150714 $sBuono 996 $aCalcolo stocastico per la finanza$9716114 997 $aUNICAMPANIA LEADER 03043nam0 2200553 i 450 001 VAN0123739 005 20230704094054.923 017 70$2N$a9783319515007 100 $a20191001d2017 |0itac50 ba 101 $aeng 102 $aCH 105 $a|||| ||||| 200 1 $aOperations Research, Engineering, and Cyber Security$eTrends in Applied Mathematics and Technology$fNicholas J. Daras, Themistocles M. Rassias editors 210 $aCham$cSpringer$d2017 215 $axi, 422 p.$cill.$d24 cm 410 1$1001VAN0067197$12001 $aSpringer optimization and its applications$1210 $aBerlin [etc.]$cSpringer$d2006-$v113 500 1$3VAN0235864$aOperations Research, Engineering, and Cyber Security$91562234 606 $a26D15$xInequalities for sums, series and integrals [MSC 2020]$3VANC019776$2MF 606 $a44A10$xLaplace transform [MSC 2020]$3VANC019854$2MF 606 $a45Pxx$xIntegral operators [MSC 2020]$3VANC020260$2MF 606 $a94C30$xApplications of design theory to circuits and networks [MSC 2020]$3VANC023606$2MF 606 $a68R10$xGraph theory (including graph drawing) in computer science [MSC 2020]$3VANC023623$2MF 606 $a11Uxx$xConnections of number theory and logic [MSC 2020]$3VANC024437$2MF 606 $a03D25$xRecursively (computably) enumerable sets and degrees [MSC 2020]$3VANC024512$2MF 606 $a46E30$xSpaces of measurable functions (Lp-spaces, Orlicz spaces, Köthe function spaces, Lorentz spaces, rearrangement invariant spaces, ideal spaces, etc) [MSC 2020]$3VANC028800$2MF 606 $a47G10$xIntegral operators [MSC 2020]$3VANC029358$2MF 606 $a31A10$xIntegral representations, integral operators, integral equations methods in two dimensions [MSC 2020]$3VANC029359$2MF 606 $a47A07$xForms (bilinear, sesquilinear, multilinear) [MSC 2020]$3VANC033668$2MF 610 $aAir Defense Systems and Detection Theory$9KW:K 610 $aAlgorithmic complexity$9KW:K 610 $aCyber-warfare$9KW:K 610 $aData to Decisions$9KW:K 610 $aDecision Models$9KW:K 610 $aEngineered Resilient Systems$9KW:K 610 $aMathematical Modeling and Simulation$9KW:K 610 $aMilitary Operations Research$9KW:K 610 $aPrediction Theory$9KW:K 620 $aCH$dCham$3VANL001889 702 1$aDaras$bNicholas J.$3VANV080641 702 1$aRassias$bThemistocles M.$f1951- $3VANV041928 712 $aSpringer $3VANV108073$4650 801 $aIT$bSOL$c20240614$gRICA 856 4 $uhttp://doi.org/10.1007/978-3-319-51500-7$zE-book ? Accesso al full-text attraverso riconoscimento IP di Ateneo, proxy e/o Shibboleth 899 $aBIBLIOTECA DEL DIPARTIMENTO DI MATEMATICA E FISICA$1IT-CE0120$2VAN08 912 $fN 912 $aVAN0123739 950 $aBIBLIOTECA DEL DIPARTIMENTO DI MATEMATICA E FISICA$d08CONS e-book 0828 $e08eMF828 20191001 996 $aOperations Research, Engineering, and Cyber Security$91562234 997 $aUNICAMPANIA